000 00643cam a2200217 4500
008 000000n2000 000 0 eng u
020 _a086017509X
035 _a(Sirsi) u105780
050 _a658.99
110 _aConstruction Industry Research and Information Association
_94810
245 _aIntergrating safety, quality and environmental management
260 _aLondon
_bCIRIA
_c2000
300 _a54p. ; 30cm.
490 _aCIRIA
_vC509
650 _aMANAGEMENT
650 _aTEAMWORK
650 _aINTERGRATED TEAMS
650 _aMANAGEMENT-PROJECT MANAGEMENT
690 _aBUILDING AND CONSTRUCTION-MANAGEMENT
942 _n0
999 _c100473
_d100473